Canadian journal of history of sport = Revue canadienne de l'histoire des sports (Record no. 59620)

MARC details
000 -CABECERA
campo de control de longitud fija 00722nam a2200217 a 4500
003 - IDENTIFICADOR DEL NÚMERO DE CONTROL
campo de control DLC
005 - FECHA Y HORA DE LA ÚLTIMA TRANSACCIÓN
campo de control 20250819120840.0
008 - ELEMENTOS DE LONGITUD FIJA--INFORMACIÓN GENERAL
campo de control de longitud fija 991125s19811995cn fr p r 000 0 eng d
022 ## - NÚMERO INTERNACIONAL NORMALIZADO PARA PUBLICACIONES SERIADAS
Número Internacional Normalizado para Publicaciones Seriadas 0712-9815
035 ## - NÚMERO DE CONTROL DEL SISTEMA
Número de control de sistema UPN01000059698
040 ## - FUENTE DE LA CATALOGACIÓN
Centro catalogador/agencia de origen MX-MxUPN
Lengua de catalogación spa
Centro/agencia transcriptor MX-MxUPN
Normas de descripción aacr2
245 00 - MENCIÓN DE TÍTULO
Título Canadian journal of history of sport = Revue canadienne de l'histoire des sports
260 ## - PUBLICACIÓN, DISTRIBUCIÓN, ETC.
Lugar de publicación, distribución, etc. Canadá
Nombre del editor, distribuidor, etc. Canadian Journal of History of Sport and Physical Education,
Fecha de publicación, distribución, etc. 1981-1995
310 ## - FRECUENCIA ACTUAL DE LA PUBLICACION
Periodicidad actual Semestral
520 1# - NOTA DE RESUMEN, ETC.
Sumario, etc. Es una publicación sobre educación física, deportes e historia
650 #4 - ASIENTO SECUNDARIO DE MATERIA - TERMINO TEMATICO
Término de materia o nombre geográfico como elemento de entrada Educación física
9 (RLIN) 12884
650 #2 - ASIENTO SECUNDARIO DE MATERIA - TERMINO TEMATICO
Término de materia o nombre geográfico como elemento de entrada Deportes
9 (RLIN) 12162
902 ## - ELEMENTOS DE DATOS B LOCAL, LDB (RLIN)
Creó Gloria Jiménez/190825
905 ## - TIPO DE MATERIAL
Tipo de material Revista
942 ## - ELEMENTOS DE PUNTO DE ACCESO ADICIONAL (KOHA)
Tipo de ítem Koha Revista Impresa
Holdings
Estado de retiro Estado de pérdida Fuente del sistema de clasificación o colocación Estado dañado No para préstamo Código de colección Localización permanente Ubicación/localización actual Ubicación en estantería Enumeración/cronología de publicación seriada Total de préstamos Código de barras Fecha visto por última vez Número de copia Tipo de ítem Koha
    Library of Congress Classification   Disponible (Préstamo en sala) Revistas Bib. Gregorio Torres Quintero Bib. Gregorio Torres Quintero Hemeroteca Sótano v. 23, no. 2 (1992 dec.)   5969810 31/12/2020 1 Revista Impresa
    Library of Congress Classification   Disponible (Préstamo en sala) Revistas Bib. Gregorio Torres Quintero Bib. Gregorio Torres Quintero Hemeroteca Sótano v. 22, no. 1 (1991 may)   5969820 31/12/2020 1 Revista Impresa
    Library of Congress Classification   Disponible (Préstamo en sala) Revistas Bib. Gregorio Torres Quintero Bib. Gregorio Torres Quintero Hemeroteca Sótano v. 23, no. 1 (1992 may)   5969830 31/12/2020 1 Revista Impresa